000 00595nam a22002177a 4500
003 UA-OsUOA
001 37664
007 ta
008 20060403b un ||||| |||| 00| 0 ukr d
100 _aПанченко В.
090 _a82
_bП11
942 _cSA
040 _aUA-OsUOA
_bukr
_cUA-OsUOA
_dUA-OsUOA
245 _aПісля "Собору" Олесь Гончар: прихований трагізм долі
300 _aС.8
955 _a0
041 _aukr
080 _a82
773 0 _w37663
650 7 _a82 Література. Літературознавство
_2UDC
999 _c323832
_d323832